000
00331nam a2200133Ia 4500
008
240624s9999 xx 000 0 und d
041
_a
eng
082
_a
823 COE
100
_a
COELHO PAULO
245
_a
WINNER STANDS ALONE
260
_c
2008
_a
London
_b
HarperCollins Publishers
300
_a
373 : p. : cm. ; 19
365
_c
RS
_b
20
999
_c
14347
_d
14347